Komunitné centrum

Gespeichert in:
Bibliographische Detailangaben
1. Verfasser: Bujdáková, Karolína (Verfasst von)
Weitere Verfasser: Schleicher, Alexander (Betreuung Doktorarbeit)
Format: Manuskript Buch
Sprache:Slowakisch
Veröffentlicht: Bratislava 2020
Schlagworte:
Online-Zugang:http://is.stuba.sk/zp/portal_zp.pl?podrobnosti=138946
Tags: Tag hinzufügen
Keine Tags, Fügen Sie das erste Tag hinzu!

MARC

LEADER 00000ntm a22000003a 4500
001 stuzp80162
003 SK-STU
005 20200811073247.3
007 ta
008 150427s2015----xo-----f-mn---000-0-slo-d
040 |a STU  |b slo 
041 0 |a slo 
100 1 |a Bujdáková, Karolína  |u 058180  |4 aut  |U FAD Fakulta architektúry  |T FA Ústav architektúry občianskych budov  |X 88021  |U A8180  |Y 399  |7 88021 
242 0 1 |a Community Center  |y eng 
245 1 0 |a Komunitné centrum 
260 |c 2020  |a Bratislava 
650 4 |a komunitné centrum  |2 slo 
650 4 |a nádvorie  |2 slo 
650 4 |a novostavba  |2 slo 
650 4 |a community centre  |2 eng 
650 4 |a courtyard  |2 eng 
650 4 |a new building  |2 eng 
700 1 |a Schleicher, Alexander  |u 058180  |k Z1  |4 ths  |U FAD Fakulta architektúry  |T FA Ústav architektúry občianskych budov  |X 472  |U A8180  |Y 399  |7 A000000472 
856 4 |u http://is.stuba.sk/zp/portal_zp.pl?podrobnosti=138946  |u https://opac.crzp.sk/?fn=detailBiblioForm&sid=2C8AB4190B6536A9D6861F7B1CEB